| 000 | 00458nam a22001457a 4500 | ||
|---|---|---|---|
| 999 |
_c7730 _d7730 |
||
| 008 | 230516b ||||| |||| 00| 0 eng d | ||
| 020 | _a9788481280432 | ||
| 040 | _aCDMR | ||
| 100 | 1 |
_9356 _aAlcalde, Carmen |
|
| 245 |
_aCartes a Lilit _c/ Carmen Alcalde ; traducció de Daniel Bonaventura ; postfaci de Josep Clara |
||
| 260 |
_aGirona : _bLlibres del Segle, _c2023 |
||
| 300 |
_a143 pàgines _c; 21 cm |
||
| 490 |
_aQuè us diré _v; 55 |
||
| 942 |
_2udc _cMON |
||